| 000 | 00708nam a22002537a 4500 | ||
|---|---|---|---|
| 001 | 32534 | ||
| 003 | UA-OsUOA | ||
| 005 | 20220527143558.0 | ||
| 007 | ta | ||
| 008 | 20050204b un ||||| |||| 00| 0 ukr d | ||
| 040 |
_aUA-OsUOA _brus _cUA-OsUOA _dUA-OsUOA |
||
| 041 | _arus | ||
| 044 | _aRU | ||
| 080 | _a821.133.1 | ||
| 090 |
_a821.133.1 _bП71 |
||
| 100 | _aПрево А. | ||
| 245 |
_aМанон Леско. Опасные связи _cвступ. статья Ю. Виппер |
||
| 260 |
_aМосква _bХудожественная литература _c1967 |
||
| 300 | _a528 с. | ||
| 650 | 7 | _2UDC | |
| 700 | 1 |
_aШодерло де Лакло П. _eавт. |
|
| 942 |
_cBK _2udc |
||
| 955 | _a0 | ||
| 999 |
_c318979 _d318979 |
||